| 000 | 00795nam a2200193 i 4500 | ||
|---|---|---|---|
| 001 | 151292 | ||
| 003 | ES-MaACL | ||
| 005 | 20230906203934.0 | ||
| 008 | 931025s1887 be |||| | spa d | ||
| 100 | 0 |
_aA. K. T. _917877 |
|
| 245 | 1 | 4 |
_aLas reformas militares de España / _cpor A.K.T., Teniente Coronel del Ejercito Belga. |
| 260 |
_aAmberes : _b[s.n.], _c1887 ( _fImp. y estereotipia de G.W. vn' Broock) |
||
| 300 |
_a33 p. ; _c22 cm. |
||
| 530 | _aDisponible en formato digital. | ||
| 650 | 0 | 4 |
_aEjército- _zEspaña. _912134 |
| 852 |
_aES-MaACL _jT-464-F-11 _z-- Enc. hol. _q-- Falto de la cub. original _z-- Enc. en un vol. facticio |
||
| 852 |
_aES-MaACL _jFol-Laf-312 |
||
| 856 |
_uhttps://bvpb.mcu.es/es/consulta/registro.do?id=577736 _zBiblioteca Virtual del Patrimonio Bibliográfico |
||
| 999 |
_c151292 _d151292 |
||